000 00666nam a2200241 i 4500
001 C2-0323579
003 PPAK
005 20180728122133.0
008 131104s2012 my |||| ||||| | may d
020 _a9789834608422
040 _aPPAK
_beng
_cPPAK
_erda
082 0 4 _a899.233
_223
090 0 0 _a899.233
_bBAH
_dG
100 0 _aBaharuddin Kahar,
_d1946-
_eauthor
245 1 0 _aCeritera dari pinggir taman
264 1 _aKuala Lumpur :
_bDewan Bahasa dan Pustaka ,
_c2012
300 _aix, 611 pages ;
_c18 cm
336 _2rdacontent
_atext
337 _2rdamedia
_aunmediated
338 _2rdacarrier
_avolume
650 1 0 _aMalay fiction.
942 _ddc
_cB
999 _c123635
_d123635